An Introduction to Statistical Science in Agriculture / (Record no. 9131)
[ view plain ]
| 000 -LEADER | |
|---|---|
| fixed length control field | 00315cam a2200121ua 4500 |
| 020 ## - INTERNATIONAL STANDARD BOOK NUMBER | |
| ISBN | 9789380604022 |
| 082 ## - DEWEY DECIMAL CLASSIFICATION NUMBER | |
| Classification number | 519.506 3 |
| Item number | FIN/IN |
| 100 ## - MAIN ENTRY--AUTHOR NAME | |
| Personal name | Finney, D J . |
| 245 ## - TITLE STATEMENT | |
| Title | An Introduction to Statistical Science in Agriculture / |
| 260 ## - PUBLICATION, DISTRIBUTION, ETC. (IMPRINT) | |
| Place of publication | Jodhpur |
| Name of publisher | Axis Books (India) |
| Year of publication | 2010 |
| 300 ## - PHYSICAL DESCRIPTION | |
| Number of Pages | 179 |
| 942 ## - ADDED ENTRY ELEMENTS (KOHA) | |
| Koha item type | Books |
| Withdrawn status | Lost status | Damaged status | Home library | Current library | Date acquired | Full call number | Accession Number | Koha item type | Collection code | Shelving location | Source of acquisition | Cost, normal purchase price |
|---|---|---|---|---|---|---|---|---|---|---|---|---|
| Withdrawn | KAUAET | KAUAET | 07/04/2012 | 519.506 3 FIN/IN | 8171 | Books | ||||||
| KAUAET | KAUAET | 12/07/2016 | 519.506 3 FIN/IN | 24824 | Books | General Stacks | Arunima Book Distributors,TVPM | 495.00 |
